Biggest Cities in Colorado (Extreme) - Statistics

General Stats
  • This quiz has been taken 20 times
  • The average score is 52 of 216
Answer Stats
Population City % Correct
386,261 Aurora
100%
478,961 Colorado Springs
100%
715,522 Denver
100%
108,250 Boulder
94%
7,004 Aspen
88%
65,560 Grand Junction
88%
169,810 Fort Collins
82%
124,402 Arvada
76%
108,795 Greeley
76%
155,984 Lakewood
76%
20,399 Golden
71%
111,876 Pueblo
71%
2,607 Telluride
71%
4,835 Vail
71%
76,378 Loveland
65%
108,418 Centennial
59%
19,071 Durango
59%
98,885 Longmont
59%
13,224 Steamboat Springs
59%
141,867 Thornton
59%
74,112 Broomfield
53%
73,158 Castle Rock
53%
9,963 Glenwood Springs
53%
2,633 Leadville
53%
45,652 Littleton
53%
10,437 Rifle
53%
116,317 Westminster
53%
9,806 Alamosa
47%
5,078 Breckenridge
47%
17,141 Cañon City
47%
62,418 Commerce City
47%
5,904 Estes Park
47%
2,043 Limon
47%
20,291 Montrose
47%
58,512 Parker
47%
8,329 Trinidad
47%
40,083 Brighton
41%
2,855 Buena Vista
41%
25,229 Columbine
41%
8,766 Cortez
41%
9,060 Craig
41%
11,597 Fort Morgan
41%
29,802 Fountain
41%
6,560 Gunnison
41%
7,322 La Junta
41%
4,858 Manitou Springs
41%
1,571 Pagosa Springs
41%
13,735 Sterling
41%
2,237 Colorado City
35%
7,511 Eagle
35%
7,955 Fort Lupton
35%
2,913 Frisco
35%
13,395 Fruita
35%
103,444 Highlands Ranch
35%
1,509 Kremmling
35%
21,226 Louisville
35%
32,398 Wheat Ridge
35%
3,172 Burlington
29%
4,327 Castle Pines
29%
1,118 Georgetown
29%
4,613 Glendale
29%
2,079 Granby
29%
1,782 Idaho Springs
29%
1,307 Julesburg
29%
7,687 Lamar
29%
10,399 Monument
29%
4,402 Silverthorne
29%
6,072 Avon
24%
5,339 Brush
24%
6,434 Carbondale
24%
1,639 Crested Butte
24%
1,064 Dillon
24%
5,802 Eaton
24%
33,659 Englewood
24%
9,307 Evergreen
24%
16,381 Firestone
24%
1,400 Fraser
24%
15,691 Greenwood Village
24%
33,811 Ken Caryl
24%
30,411 Lafayette
24%
2,300 Las Animas
24%
14,253 Lone Tree
24%
2,209 Lyons
24%
1,390 Parachute
24%
5,666 Salida
24%
6,105 Sheridan
24%
1,325 Springfield
24%
13,094 Superior
24%
3,049 Walsenburg
24%
32,716 Windsor
24%
7,920 Woodland Park
24%
1,757 Akron
18%
6,442 Cherry Hills Village
18%
1,155 Cripple Creek
18%
9,035 Delta
18%
11,246 Edwards
18%
30,038 Erie
18%
22,165 Evans
18%
3,822 Florence
18%
17,693 Fort Carson
18%
1,941 Hayden
18%
2,346 Holyoke
18%
4,247 Monte Vista
18%
2,019 Olathe
18%
3,142 Orchard City
18%
2,565 Palisade
18%
1,183 Ridgway
18%
3,536 Silt
18%
3,307 Strasburg
18%
11,047 Wellington
18%
1,033 Winter Park
18%
2,358 Wray
18%
3,456 Yuma
18%
1,887 Ault
12%
5,438 Battlement Mesa
12%
2,862 Bennett
12%
12,536 Berkley
12%
10,332 Berthoud
12%
1,322 Byers
12%
19,311 Cimarron Hills
12%
20,413 Clifton
12%
1,502 Columbine Valley
12%
6,297 Dacono
12%
8,407 Derby
12%
5,640 Dove Valley
12%
5,005 Edgewater
12%
1,675 Elizabeth
12%
4,130 El Jebel
12%
14,382 Federal Heights
12%
3,610 Genesee
12%
1,029 Gilcrest
12%
6,649 Gleneagle
12%
9,554 Gunbarrel
12%
8,040 Gypsum
12%
1,651 Hudson
12%
1,474 Indian Hills
12%
17,303 Johnstown
12%
1,250 Keenesburg
12%
1,495 Kersey
12%
1,369 Keystone
12%
1,308 Kittredge
12%
2,409 Laporte
12%
2,359 La Salle
12%
3,934 Lincoln Park
12%
8,088 Lochbuie
12%
1,314 Loma
12%
2,374 Meeker
12%
4,786 Meridian
12%
3,202 Meridian Village
12%
8,386 Milliken
12%
4,923 New Castle
12%
4,306 Niwot
12%
6,688 Orchard Mesa
12%
1,066 Ordway
12%
2,636 Palmer Lake
12%
1,447 Paonia
12%
1,932 Perry Park
12%
1,097 Pierce
12%
2,955 Platteville
12%
3,334 Ponderosa Park
12%
2,299 Rangely
12%
9,061 Redlands
12%
3,876 Rocky Ford
12%
9,416 Roxborough Park
12%
7,683 Severance
12%
3,096 Snowmass Village
12%
9,072 Stonegate
12%
11,311 The Pinery
12%
6,487 Timnath
12%
5,028 Todd Creek
12%
8,226 Twin Lakes
12%
15,553 Welby
12%
4,327 West Pleasant View
12%
1,401 Wiggins
12%
9,536 Woodmoor
12%
1,453 Alamosa East
6%
3,984 Basalt
6%
2,838 Bayfield
6%
15,097 Black Forest
6%
2,633 Cedaredge
6%
11,488 Cherry Creek
6%
2,494 Coal Creek
6%
33,892 Dakota Ridge
6%
1,458 Del Norte
6%
1,172 Dotsero
6%
1,253 Fowler
6%
14,513 Frederick
6%
1,892 Leadville North
6%
4,781 Mead
6%
1,033 Minturn
6%
38,131 Northglenn
6%
3,685 Penrose
6%
38,639 Security-Widefield
6%
19,228 Sherrelwood
6%
6,518 Stratmoor
6%
2,922 Acres Green
0%
1,496 Aetna Estates
0%
7,833 Applewood
0%
1,715 Aristocrat Ranchettes
0%
1,628 Cascade-Chipita Park
0%
1,248 Ellicott
0%
9,324 Fairmount
0%
1,048 Floyd Hill
0%
22,872 Four Square Mile
0%
8,271 Fruitvale
0%
2,683 Holly Hills
0%
2,226 Inverness
0%
1,196 Mancos
0%
1,264 Mountain Village
0%
1,471 Nederland
0%
2,953 Park Center
0%
33,086 Pueblo West
0%
5,185 Shaw Heights
0%
3,490 Sierra Ridge
0%
2,780 Stepping Stone
0%
1,120 Towaoc
0%
No matching quizzes found
Score Distribution
Percent of People with Each Score
Percentile by Number Answered
Your Score History
You have not taken this quiz